Social justice and the three worlds of welfare capitalism (Record no. 53755)

000 -LEADER
fixed length control field 00364pab a2200133 454500
008 - FIXED-LENGTH DATA ELEMENTS--GENERAL INFORMATION
fixed length control field 180718b2002 xxu||||| |||| 00| 0 eng d
100 ## - MAIN ENTRY--PERSONAL NAME
Personal name Merkel, Wolfgang
245 ## - TITLE STATEMENT
Title Social justice and the three worlds of welfare capitalism
260 ## - PUBLICATION, DISTRIBUTION, ETC.
Date of publication, distribution, etc. 2002
300 ## - PHYSICAL DESCRIPTION
Extent p.59-91.
650 ## - SUBJECT ADDED ENTRY--TOPICAL TERM
Topical term or geographic name entry element Social justice
773 ## - HOST ITEM ENTRY
Main entry heading Archives Europeennes De Sociologie
909 ## -
-- 53755
Holdings
Withdrawn status Lost status Damaged status Not for loan Permanent Location Current Location Date acquired Serial Enumeration / chronology Barcode Date last seen Price effective from Koha item type
        Indian Institute of Public Administration Indian Institute of Public Administration 2018-07-19 Volume no: 43, Issue no: 1 AR54200 2018-07-19 2018-07-19 Articles

Powered by Koha